000 00615nam a2200229Ia 4500
003 OSt
005 20220924115140.0
006 a|||||r|||| 00| 0
007 ta
008 220923b |||||||| |||| 00| 0 kan d
024 _a336015
037 _cTextual
040 _aARTS
_cARTS
_bkan
041 _2kan
_akan
082 _aY:351, 33N9
100 _aSiddlingappa Jeenahalli
_9176987
245 0 _aSum sumke basaiah
260 _aDavanagere
_bPrema Prakashana
_c1999
650 _aSOCIOLOGY
942 _hY:351, 33N9
_cTEXL
_2CC
999 _c396997
_d396997